1775 1152 1927 1678 1918 1749 1274 1518 1026 1330 1186 1462 1861 1408 1556 1123 1890 1572 1552 1428 1420 1555 1640 1814 1941 1930 1971 1516 1523 1889 1495 1409 1287 1200 1230 1309 1807 1346 1938 1112 1304 1004 1434 1106 1444 1035 1006 1322 1425 1132 1152 1306 1305 1404 1813 1120 1559 1392 1645 1950 1493 1026 1429 1792 1873 1510 1365 1984 1470 1914 1905 1399 1158 1456 1289 1892 1390 1280 1268 1674 1997 1165 1001 1032 1536 1754 1980 1905 1943 1942 1766 1013 1752 1976 1366 1160 1835 1725 1473 BCNSPRNW ULIB Ver.6.0+V

เปลี่ยนเป็นภาษาไทย

Change to English
 แสดงรายละเอียดบรรณานุกรม
  กลับหน้าหลัก

Brief Record : Get Marc (ISO 2709) : E-mail record : QR code < ปิดหน้าต่าง
LEADER : 00000nam 2200000uu 4500
001    13399115127
003     ULIB
008    120711s2554||||th 000 0 tha d
050  4 ^aBF412^bT111ค
245 00 ^aประเทศไทย 76 จังหวัด
651  7 ^aไทย
945    ^p0^l0^i15425
999 ^a ใช้งานได้ทุกระบบ
รายการนี้ยังไม่มีแท็ก
คุณยังไม่ได้ล็อกอิน คุณสามารถมีกิจกรรมร่วมกับเว็บไซต์ได้ แต่ต้องล็อกอินก่อน ::
  ล็อกอิน

รายการสื่อสารสนเทศ

ลำดับที่ ประเภท เลขเรียก/บาร์โค้ด สถานที่ สถานะ
- ไม่พบข้อมูล -

BibComment


ยังไม่เคยถูกคอมเมนท์

คอมเมนท์ทรัพยากรรายการนี้
  คอมเมนท์: ประเทศไทย 76 จัง..


 Copyright 2026. Bcnsprnw @Library